Datum a čas kvízu
29.5
Celkem bodů
Celkový počet nahraných bodů na tomto kvízu bez doplňovacích otázek.
8.
Pořadí na kvízu
Konečné umístění týmu na tomto kvízu.
Zaznamenané odpovědi
| # | Otázka | Odpověď | Body | Výsledky |
|---|---|---|---|---|
| 1. | Ministerstvo vnitra připustilo... | Denisa Rohanová | 0 | |
| 2. | Zaměstnanec letiště Johna F. K... | C) živá kočka | 0 | |
| 3. | V úterý se v pražském Kině Luc... | Král Šumavy | 1 | |
| 4. | V pondělí, po pěti dnech letu,... | Orion | 0 | |
| 5. | Ve dvou úvodních zápasech kter... | Polsko | 0 | |
| 6. | V následujících pěti otázkách... | bar, torr, atmosféra / pascal | 0.5 | |
| 7. | Která z následujících jednotek... | B | 1 | |
| 8. | Jaký odpor v ohmech má spotřeb... | 20 Ω | 1 | |
| 9. | Přiřaďte tyto jednotky k přísl... | 1D 2C 3B 4A | 1 | |
| 10. | Bušl je stará objemová a hmotn... | A | 1 |